000 00882nam a2200229 i 4500
001 143380
003 ES-MaACL
005 20230906200808.0
007 t|
008 070214s1948 mx r ||||1| spa d
100 1 _aSéneca, Lucio Anneo.
_9105451
245 1 0 _aConsolaciones
_b: Consolación a Marcia ; Consolación a Polibio ; Consolación a Helvia su madre /
_cLucio Anneo Séneca ; introducción, versión española y notas, por José M. Gallegos Rocafull.
260 _aMéxico :
_bUniversidad de México,
_c1948.
300 _a307 p. ;
_c19 cm.
500 _aPrecede al tít.: Obras completas de Lucio Anneo Séneca.
700 1 _aGallegos Rocafull, José M.
_953600
710 2 _aUniversidad de México.
_97224
740 0 2 _aConsolación a Marcia.
740 0 2 _aConsolación a Polibio.
740 0 2 _aConsolación a Helvia su madre.
852 _aES-MaACL
_jC-18956
999 _c143380
_d143380